000 02234nam0a2200421 4500
001 RU\NLR\bibl\1775456
005 20260409064803.0
010 _a978-5-85219-212-7
_9500
021 _aRU
_b2011-35502
_92531
035 _a(nilc)RSL-KNO-004942805
035 _a(NLR Aleph) 001766222
090 _a1609299
_c1609299
100 _a20110602d2011 |||y0rusy50 ca
101 0 _arus
102 _aRU
105 _ay |||||||||
200 1 _aФормирование и распространение историко-культурных воззрений в российском обществе XVIII века
_eмонография
_f[Старикова Н.В.,Кауркин Р.В., Николаев Д.А.]
_gМ-во образования и науки Российской Федерации, Гос. образовательное учреждение высш. проф. образования "Нижегородский гос. педагогический ун-т"
210 _aНижний Новгород
_cНижегородский гос. педагогический ун-т
_d2011
215 _a154 с.
_d21
225 1 _aМысль и время
300 _aАвт. указаны на обл.
320 _aБиблиогр. в примеч.: с. 139-153 (414 назв.)
606 1 _aИсторическое сознание
_xФормирование
_yРоссия
_92594204
_3RU\NLR\auth\661532891
686 _aТ1(2)46,02
_2rubbk
686 _aТ3(2)464-7,02
_2rubbk
686 _aТ3(2)46-72
700 1 _aСтарикова
_bН. В.
_gНина Владимировна
_4070
701 1 _aКауркин
_bР. В.
_gРадислав Вячеславович
_4070
701 1 _4070
_8rus
_7ca
_aНиколаев
_bД. А.
_cканд. ист. наук
_gДмитрий Андреевич
_3RU\NLR\auth\77122374
_9105299
712 0 2 _4475
_aНижегородский государственный педагогический университет
_3RU\NLR\AUTH\880618304
_92653689
801 0 _aRU
_bРГБ
_c20110523
_grcr
801 1 _aRU
_bРГБ
_c20110523
801 2 _aRU
_bNLR
_c20110602
_grcr
830 _aавт. по кн.
942 _cBOOK
980 _aNB